000 00457nam a2200181Ia 4500
001 14719
005 20260306164935.0
008 260306t2012||||xx |||||||||||||| ||spa||
041 _aESP
082 _a516.36
_bH37
100 _aHelgason, Sigurdur
_eAUT
245 0 _aDifferential geometry, lie group, and symmetric spaces
260 _c2012
300 _axxvi, 647 páginas :
_c26 cm.
650 _aGEN
654 _aCMA
942 _cLIB
_dJUS
_fJUS
_2ddc
_n
999 _c14719
_d14719